| 000 | 00351nam a22001457a 4500 | ||
|---|---|---|---|
| 020 | _a978-93-93003-39-3 | ||
| 082 |
_a894.812 _bSAL/E |
||
| 100 | _aSALIM KUMAR | ||
| 245 | _aEESWARA VAZHAKKILLALLO | ||
| 250 | _aSECOND EDITION | ||
| 260 |
_aKOTTAYAM _bMANORAMA BOOKS _c2023 |
||
| 300 | _a179 | ||
| 650 |
_aMALAYALAM STORIES COMEDY _zKERALA |
||
| 942 | _cBK | ||
| 999 |
_c7135 _d7135 |
||